| 000 | 00482nam a22001577a 4500 | ||
|---|---|---|---|
| 008 | 230502b |||||||| |||| 00| 0 eng d | ||
| 040 |
_aNational Science Library _cNational Science Library |
||
| 080 |
_a535.375 _bN2 |
||
| 100 |
_aKrishnan, R S _98061 |
||
| 245 | _aSource book on raman effect | ||
| 260 |
_aNew Delhi: _bPublications & Information Directorate, _c1992x, |
||
| 300 | _ax, 384p. | ||
| 500 | _aVol. 2 (1958-1970); x, 384p. | ||
| 650 | _aScience | ||
| 942 |
_2udc _cBK |
||
| 999 |
_c26050 _d26050 |
||